Central Library OPAC University of Rajshahi

Lectures on the theory of functions of a complex variable / (Record no. 51886)

MARC details
000 -LEADER
fixed length control field 00779cam a22002411 4500
001 - CONTROL NUMBER
control field 51886
003 - CONTROL NUMBER IDENTIFIER
rucl marc code BD-RjUL
005 - DATE AND TIME OF LATEST TRANSACTION
control field 20211209075727.0
008 - FIXED-LENGTH DATA ELEMENTS--GENERAL INFORMATION
fixed length control field 160904m1960 ne a 000 0 eng
035 ## - SYSTEM CONTROL NUMBER
System control number (BD-RjUL)52006
040 ## - CATALOGING SOURCE
Original cataloging agency DLC/ICU
Transcribing agency ICU
Modifying agency DLC
Language of cataloging eng
041 ## - LANGUAGE CODE
Language code of text/sound track or separate title eng
082 00 - DEWEY DECIMAL CLASSIFICATION NUMBER
Classification number 515.8
Author mark and year SAL 1960
100 1# - MAIN ENTRY--PERSONAL NAME
Personal name Sansone, Giovanni,
Dates associated with a name 1888-1979.
9 (RLIN) 155194
245 10 - TITLE STATEMENT
Title Lectures on the theory of functions of a complex variable /
Statement of responsibility, etc. [by] Giovanni Sansone [and] Johan Gerretsen.
260 ## - PUBLICATION, DISTRIBUTION, ETC. (IMPRINT)
Place of publication, distribution, etc. Groningen :
Name of publisher, distributor, etc. P. Noordhoff,
Date of publication, distribution, etc. 1960-
300 ## - PHYSICAL DESCRIPTION
Pagination v. :
Illustrations ill. ;
Size 26 cm.
505 0# - FORMATTED CONTENTS NOTE
Formatted contents note 1. Holomorphic functions.
650 #0 - SUBJECT ADDED ENTRY--TOPICAL TERM
Topical term or geographic name as entry element Functions of complex variables.
9 (RLIN) 155195
700 1# - ADDED ENTRY--PERSONAL NAME
Personal name Gerretsen, Johan,
Dates associated with a name 1907-
Relator term joint author.
942 ## - ADDED ENTRY ELEMENTS (KOHA)
Source of classification or shelving scheme Dewey Decimal Classification
Koha item type Books
Holdings
Lost status Source of classification or shelving scheme Damaged status Not for loan Collection code Permanent Location Current Location Shelving location Date acquired Source of acquisition Cost, normal purchase price Total Checkouts Full call number Date last seen Copy number Koha item type
  Dewey Decimal Classification     Non-fiction Central Library, University of Rajshahi Central Library, University of Rajshahi   16/11/1965 Zeetlinger 102.00   515.8 SAL V-1 1960 04/09/2016 C-2 Books
  Dewey Decimal Classification     Non-fiction Central Library, University of Rajshahi Central Library, University of Rajshahi   16/11/1965 Zeetlinger 102.00   515.8 SAL V-1 1960 04/09/2016 C-3 Books